| 000 | 00743nam a2200253Ia 4500 | ||
|---|---|---|---|
| 003 | OSt | ||
| 005 | 20220926014945.0 | ||
| 006 | a|||||r|||| 00| 0 | ||
| 007 | ta | ||
| 008 | 220923b |||||||| |||| 00| 0 eng d | ||
| 037 | _cGeneral Book | ||
| 040 |
_aRTL _cRTL _beng |
||
| 041 |
_2eng _aeng |
||
| 082 | _aX;SDD1, J8 | ||
| 110 |
_aNational Association of Accountants _9321329 |
||
| 245 | 0 | _aCurrent practice in accounting for depreciation | |
| 260 |
_aNew York _bNational Association of Accountants USA _c1958 |
||
| 300 |
_a36p. _ccm. |
||
| 500 | _aIts Research Reoprt | ||
| 650 | _aFinance | ||
| 700 |
_aNational Association of Accountants _9321330 |
||
| 942 |
_hX;SDD1, J8 _cGB _2CC |
||
| 999 |
_c630216 _d630216 |
||